000 02738nam a22002657a 4500
001 216218696
003 UA-OsUOA
005 20201201104239.0
008 200619b un ||||| m||| 00| 0 ukr d
040 _aUA-OsUOA
_bukr
_cUA-OsUOA
_dUA-OsUOA
041 _aukr
080 _a94(477.8).032"15/16"
090 _a94(477.8).032"15/16"
095 _a07.00.01
_bісторія України
100 _aРибачок І. О.
245 _aСоціально-економічний розвиток міст Південно-Східної Волині в останній третині XVI – першій половині XVII ст
_cРибачок Ірина Олександрівна ; наук. керівник Атаманенко Віктор Борисович
260 _aОстрог
_c2012
300 _a20 с.
502 _6Автореферат дисертації на здобуття наукового ступеня кандидата історичних наук
_cНаціональний університет "Острозька академія"
_d2012
520 _aРобота є комплексним дослідженням соціально-економічного розвитку міст Південно-Східної Волині в ост. трет. XVI – пер. пол. XVII ст. Встановлено чисельність населення, соціальну структуру та етнічний склад городян, охарактеризовано основні напрямки міського господарства. Зокрема, проаналізовано спрямованість та організацію ремісничого виробництва, промислів, торгівлі, аграрного виробництва в містах. З’ясовано форми та розміри сплати міщанами державних податків та платежів на користь власника. Розкрито механізми отримання податкових пільг та простежено фіскальну політику власників кн. Острозьких і Заславських. Охарактеризовано систему захисту міст, стан південно-східноволинських замків, кількість та різноманіття збройних запасів у замкових арсеналах.
650 _2UDC
_a94 Історія
942 _2udc
_cAR
955 _a1
999 _c459622
_d459622